00408 2200157 4500001002100000005001500021008004100036020001800077035001900095082001000114090001800124100002400142245002300166260004100189300002000230INLIS00000000000967420241224113850241224||||||||| | ||| |||| ||  a979-514-009-9 0010-12240096740 a2x9.1 a2x9.1 ARR t/40 aAbdurrahman Arroisi00a30 Kisah Teladan 4 aBandungbpt. Remaja rosdakaryac2001 a125 hlm.; 18 cm